Word Chain - Places in New Zealand (HARD) - Statistics

General Stats
  • This quiz has been taken 16 times
  • The average score is 7 of 12
Answer Stats
Hint Answer % Correct
New Zealand's largest city and home to the Sky Tower Auckland
100%
Far-south student city Dunedin
80%
"Te Ika a Maui" in English North Island
67%
Town on the shores of New Zealand's largest lake Taupo
67%
NZ's southernmost city Invercargill
60%
Region at the top of the North Island Northland
60%
Region where you would find Queenstown Otago
53%
Town that sounds like "live in" Levin
47%
NZ's deepest fjord Doubtful Sound
40%
Colonial name for Mount Taranaki Egmont
33%
Maori name for Christchurch Otautahi
33%
Town in this region known as the 'kumara capital' Dargaville
27%
No matching quizzes found
Score Distribution
Percent of People with Each Score
Percentile by Number Answered
Your Score History
You have not taken this quiz